[Event "Druzynowe Mistrzostwa Polski - II Liga 2023"]
[Site "Jastrzebia Gora"]
[Date "1899-12-30"]
[Round "2.96"]
[White "Owczarek, Monika"]
[Black "Szelag, Zuzanna"]
[Result "0-1"]
[WhiteTitle "I"]
[BlackTitle "k"]
[WhiteElo "1544"]
[BlackElo "1783"]

1. c4 Nf6 2. Nc3 g6 3. Nf3 Bg7 4. g3 O-O 5. Bg2 d6 6. O-O Nc6 7. Rb1 a5 8. a3 e5
9. d3 h6 10. b4 axb4 11. axb4 Be6 12. b5 Ne7 13. Bd2 Qd7 14. Re1 Bh3 15. Bh1 Ng4
16. Nh4 g5 17. Ng2 f5 18. Ne3 Nxe3 19. Bxe3 e4 20. Bd2 exd3 21. exd3 c6 22. Qe2
Rae8 23. Qe6+ Qxe6 24. Rxe6 Rf6 25. Rxf6 Bxf6 26. Re1 Ra8 27. bxc6 bxc6 28. Bg2
Bxg2 29. Kxg2 Ra3 30. Rc1 Ng6 31. Kf1 Ne5 32. Ke2 h5 33. h3 g4 34. hxg4 hxg4 35.
Rc2 Nf3 36. Kd1 Bd4 37. Ra2 Rxa2 38. Nxa2 Nxd2 39. Kxd2 Bxf2 40. Nb4 c5 41. Nd5
Kf7 42. Ke2 Bxg3 0-1

[Event "Druzynowe Mistrzostwa Polski - II Liga 2023"]
[Site "Jastrzebia Gora"]
[Date "1899-12-30"]
[Round "2.97"]
[White "Kutowski, Marcel"]
[Black "Rudolf, Michal"]
[Result "0-1"]
[WhiteTitle "k"]
[BlackTitle "FM"]
[WhiteElo "2170"]
[BlackElo "2287"]

1. e4 c5 2. Nf3 d6 3. d4 cxd4 4. Nxd4 Nf6 5. Nc3 a6 6. Be2 e5 7. Nb3 Be7 8. Be3
Be6 9. Nd5 Nbd7 10. Qd3 O-O 11. O-O Bxd5 12. exd5 Ne8 13. Qd2 g6 14. Na5 Qc7 15.
c4 Ng7 16. Bd3 f5 17. f4 Bf6 18. Rac1 exf4 19. Bxf4 Nh5 20. Be3 Rae8 21. Bf2 Nc5
22. Bb1 Be5 23. b4 Bf4 24. Qc3 Bxc1 25. bxc5 Bf4 26. cxd6 Bxd6 27. c5 Bxh2+ 28.
Kh1 Rf7 29. Bc2 Ng3+ 30. Bxg3 Bxg3 31. d6 Bxd6 32. Bb3 Be5 33. Qb4 Ree7 34. c6
Bd6 35. Qd2 bxc6 36. Rd1 Bf4 37. Qc3 Be5 38. Qc5 Kg7 39. Nxc6 Bf6 40. Bxf7 Rxf7
41. Qc4 Qb6 42. Nb4 Qb5 43. Qf4 Qe2 44. Rc1 Be5 45. Qf3 Qd2 46. Rb1 Qh6+ 47. Qh3
Qxh3+ 48. gxh3 Rb7 49. Rb3 a5 50. Nc6 Rxb3 51. axb3 Bc3 52. Ne7 Kf7 53. Nd5 Bd2
54. Kg2 Ke6 55. Nb6 Bb4 56. Kf3 Ke5 57. Nc4+ Kd4 58. Kf4 Kc3 0-1

[Event "Druzynowe Mistrzostwa Polski - II Liga 2023"]
[Site "Jastrzebia Gora"]
[Date "1899-12-30"]
[Round "2.98"]
[White "Kaim, Piotr"]
[Black "Wilk, Igor"]
[Result "0-1"]
[WhiteTitle "m"]
[BlackTitle "I++"]
[WhiteElo "2161"]
[BlackElo "2166"]

1. e4 e6 2. d4 d5 3. e5 c5 4. c3 Nc6 5. Nf3 Qb6 6. Bd3 cxd4 7. cxd4 Bd7 8. O-O
Nb4 9. Be2 Bb5 10. Bxb5+ Qxb5 11. Nc3 Qd7 12. Na4 b6 13. Be3 Ne7 14. Rc1 Nf5 15.
a3 Nc6 16. Rc3 Be7 17. Qc2 Na5 18. Nd2 O-O 19. b4 Nc4 20. Nxc4 dxc4 21. Rxc4 Rac8
22. Nb2 b5 23. Rxc8 Rxc8 24. Qd2 Qd5 25. Nd3 Rc4 26. Nb2 Rc8 27. Nd3 Rd8 28. Nf4
Qb3 29. d5 exd5 30. Bxa7 d4 31. Bb6 Rb8 32. Ba5 Rc8 33. Qd3 Qxd3 34. Nxd3 Rc3
35. Rd1 Rxa3 36. g3 f6 37. e6 Bd6 38. Kg2 Kf8 39. Bb6 Ke7 40. Nc5 Ra2 41. Kf1
h5 42. Nb3 Bxb4 43. Nxd4 Nxd4 44. Rxd4 Bd6 45. Rd5 b4 46. Rb5 g6 47. Kg2 Kxe6
48. h4 Rb2 49. Bc5 Bxc5 50. Rxc5 b3 51. Rb5 Rb1 52. Kf3 Kd6 53. Rb6+ Ke5 54. Rb5+
Kd4 55. Rb6 g5 56. Rxf6 g4+ 57. Kf4 Ra1 58. Rb6 Kc3 59. Rc6+ Kb4 60. Rb6+ Kc4
61. Ke3 Ra5 62. Rb8 Rb5 63. Rc8+ Rc5 64. Rb8 Kc3 65. f3 gxf3 66. Kxf3 Rc4 67.
Rb5 b2 0-1

[Event "Druzynowe Mistrzostwa Polski - II Liga 2023"]
[Site "Jastrzebia Gora"]
[Date "1899-12-30"]
[Round "2.99"]
[White "Sadzikowski, Marian"]
[Black "Markowski, Damian"]
[Result "1/2-1/2"]
[WhiteTitle "I+"]
[BlackTitle "FM"]
[WhiteElo "1706"]
[BlackElo "2098"]

1. e4 c5 2. f4 Nc6 3. Nf3 g6 4. d3 Bg7 5. c3 d5 6. e5 Nh6 7. Be2 O-O 8. O-O Qb6
9. Kh1 f6 10. exf6 exf6 11. Qb3 Re8 12. Qxb6 axb6 13. Re1 Bg4 14. Bd2 Re7 15.
Kg1 Rae8 16. Kf2 Bd7 17. h3 Nf5 18. Bd1 Nd6 19. Rxe7 Rxe7 20. Na3 b5 21. Nc2 Re8
22. Ne3 Be6 23. g4 Kf8 24. a3 Ke7 25. Bc2 Kd7 26. Rg1 Bf7 27. h4 Ra8 28. f5 d4
29. cxd4 cxd4 30. Nf1 gxf5 31. Bf4 b4 32. Bxd6 Kxd6 33. Ng3 Kd7 34. Nxf5 Bf8 35.
Kg3 bxa3 36. bxa3 Rxa3 37. Rb1 Nb4 38. N3xd4 Rc3 39. Rb2 b6 40. Ba4+ Kc8 41. Rd2
Rxd3+ 42. Rxd3 Nxd3 43. g5 fxg5 44. hxg5 Nc5 45. Bc2 Bg6 46. Nc6 Kc7 47. Ncd4
Bd6+ 48. Kg4 Be5 49. Nf3 Bc3 50. N3h4 b5 51. Nxg6 hxg6 52. Ne3 Bd2 53. Nf1 Bc1
54. Bxg6 Ne6 55. Bd3 Nxg5 1/2-1/2

[Event "Druzynowe Mistrzostwa Polski - II Liga 2023"]
[Site "Jastrzebia Gora"]
[Date "1899-12-30"]
[Round "2.100"]
[White "Warszawski, Bartosz"]
[Black "Skorupka, Arkadiusz"]
[Result "1-0"]
[WhiteTitle "m"]
[BlackTitle "II"]
[WhiteElo "2159"]
[BlackElo "1472"]

1. e4 c5 2. Nf3 Nc6 3. Nc3 e6 4. d4 cxd4 5. Nxd4 Nf6 6. Ndb5 d6 7. Bf4 e5 8. Bg5
a6 9. Na3 b5 10. Nd5 Be7 11. Bxf6 Bxf6 12. c3 Bg5 13. Nc2 O-O 14. a4 bxa4 15.
Rxa4 Ne7 16. Bc4 Bb7 17. O-O Nxd5 18. Bxd5 Qd7 19. Qa1 Bxd5 20. exd5 Qb5 21. Ra5
Qb7 22. Nb4 Bd8 23. Rxa6 Bb6 24. Qa4 Bc5 25. Qc6 Qxc6 26. dxc6 Bxb4 27. Rxa8 Rxa8
28. cxb4 Kf8 29. b5 Ke7 30. b6 Kd8 31. Rc1 Rc8 32. b7 1-0

[Event "Druzynowe Mistrzostwa Polski - II Liga 2023"]
[Site "Jastrzebia Gora"]
[Date "1899-12-30"]
[Round "2.101"]
[White "Balis, Sebastian"]
[Black "Chalupnik, Marcin"]
[Result "0-1"]
[WhiteTitle "II+"]
[BlackTitle "k++"]
[WhiteElo "1484"]
[BlackElo "2085"]

1. e4 c5 2. Nf3 d6 3. d4 cxd4 4. Nxd4 Nf6 5. Nc3 g6 6. Be2 Bg7 7. O-O O-O 8. Bg5
Nc6 9. Nb3 a6 10. f4 b5 11. Bf3 b4 12. Na4 Qc7 13. c3 a5 14. a3 Bd7 15. cxb4 axb4
16. axb4 Nxb4 17. Nc3 Rxa1 18. Nxa1 Be6 19. Qd2 Rb8 20. Kh1 Kf8 21. Re1 Qc5 22.
Nc2 Nxc2 23. Qxc2 Qb6 24. Re2 Bc4 25. Rd2 Qe3 26. Ne2 Ra8 27. e5 Ra1+ 28. Rd1
Rxd1+ 29. Qxd1 Bxe2 30. Bxe2 Ne4 31. Qa1 Nf2+ 32. Kg1 Ne4+ 33. Kh1 Nf2+ 34. Kg1
Ne4+ 35. Kh1 Kg8 36. Bxe7 Nf2+ 37. Kg1 Ne4+ 38. Kh1 h6 39. Bf3 Nf2+ 40. Kg1 Nd1+
41. Kh1 Qe1# 0-1

[Event "Druzynowe Mistrzostwa Polski - II Liga 2023"]
[Site "Jastrzebia Gora"]
[Date "1899-12-30"]
[Round "2.102"]
[White "Zajkowska, Olga"]
[Black "Salamon, Julia"]
[Result "0-1"]
[WhiteTitle "k"]
[BlackTitle "I++"]
[WhiteElo "1809"]
[BlackElo "1814"]

1. d4 Nf6 2. c4 e6 3. Nc3 Bb4 4. Qc2 c5 5. e3 Nc6 6. Nf3 O-O 7. Be2 d5 8. dxc5
Bxc5 9. O-O Qe7 10. e4 d4 11. Na4 e5 12. Nxc5 Qxc5 13. a3 a5 14. Bd2 Bg4 15. Rab1
a4 16. h3 Bh5 17. b4 axb3 18. Rxb3 Rxa3 19. Rxb7 d3 20. Bxd3 Bxf3 21. gxf3 Nd4
22. Be3 Nxc2 23. Bxc5 Rxd3 24. Bxf8 Kxf8 25. Rc1 Nd4 26. Kf1 Rxf3 27. Rb8+ Ke7
28. Rb7+ Ke6 29. Rb6+ Kd7 30. c5 Nxe4 31. c6+ Kc8 32. Rb2 Rxh3 33. Kg2 Rh6 34.
c7 Rc6 35. Re1 Nd6 36. Rxe5 Kxc7 37. Re7+ Kd8 38. Ra7 Rc7 39. Rxc7 Kxc7 40. Ra2
Kd7 41. Ra7+ Ke6 42. Ra1 h6 43. Re1+ Kf6 44. Rd1 N4f5 45. Ra1 g5 46. Ra8 Nh4+
47. Kh3 Ne4 48. f4 Kf5 49. fxg5 hxg5 50. Ra5+ Kf4 51. Ra1 Nf3 0-1

[Event "Druzynowe Mistrzostwa Polski - II Liga 2023"]
[Site "Jastrzebia Gora"]
[Date "1899-12-30"]
[Round "2.103"]
[White "Osinski, Emil"]
[Black "Daniel, Damian"]
[Result "1-0"]
[WhiteTitle "k"]
[BlackTitle "CM"]
[WhiteElo "2157"]
[BlackElo "2114"]

1. e4 c5 2. Nf3 e6 3. d4 cxd4 4. Nxd4 Nc6 5. Nc3 Qc7 6. Be3 a6 7. Qf3 Bd6 8. O-O-O
Be5 9. Qg4 Nf6 10. Qh4 O-O 11. f4 Bxd4 12. Bxd4 Nxd4 13. Rxd4 e5 14. Nd5 Nxd5
15. Rxd5 d6 16. f5 b5 17. Be2 f6 18. Rhd1 Rd8 19. Bf3 Bb7 20. R5d3 b4 21. g4 h6
22. Qf2 a5 23. h4 Ba6 24. Re3 a4 25. g5 Qc5 26. gxh6 gxh6 27. Be2 Bxe2 28. Qxe2
b3 29. a3 bxc2 30. Rd5 Qb6 31. Rg3+ Kh7 32. Qh5 Rg8 33. Qf7+ Kh8 34. Qxf6+ Kh7
35. Qf7+ Kh8 36. Qf6+ Kh7 37. Rxe5 Qg1+ 38. Rxg1 Rxg1+ 39. Kxc2 dxe5 40. Qxe5
Rc8+ 41. Kd2 Rd8+ 42. Ke3 Rdg8 43. f6 R1g3+ 44. Kd4 Rd8+ 45. Kc4 Rc8+ 46. Kb4
Rb8+ 47. Kxa4 1-0

[Event "Druzynowe Mistrzostwa Polski - II Liga 2023"]
[Site "Jastrzebia Gora"]
[Date "1899-12-30"]
[Round "2.104"]
[White "Rychlik, Hanna"]
[Black "Walentukiewicz, Michal"]
[Result "0-1"]
[WhiteTitle "k"]
[BlackTitle "CM"]
[WhiteElo "2026"]
[BlackElo "2074"]

1. g3 g6 2. Bg2 Bg7 3. Nf3 Nf6 4. O-O O-O 5. d4 d6 6. c4 Nc6 7. d5 Nb8 8. Nc3 c6
9. e4 cxd5 10. cxd5 Bg4 11. h3 Bxf3 12. Bxf3 Nbd7 13. Bg2 Qa5 14. Be3 Rfc8 15.
Qe2 a6 16. Rad1 b5 17. a3 Ne5 18. Na2 Qa4 19. Nb4 Nfd7 20. f4 Nc4 21. Bd4 Bxd4+
22. Rxd4 Qb3 23. Nc6 Re8 24. Rxc4 bxc4 25. e5 Nc5 26. f5 Qxg3 27. e6 f6 28. fxg6
hxg6 29. Qxc4 Kg7 30. b4 Nd3 31. Qc3 Qe3+ 32. Kh2 Qe2 33. Nxe7 Ne5 34. Nc6 Rac8
35. e7 Rxe7 36. Qd4 Qxf1 37. Nxe7 Qe2 38. Qa7 Nf3+ 39. Kg3 Qe1+ 40. Kxf3 Rc3+
41. Kf4 Qg3+ 42. Ke4 Qe5# 0-1

[Event "Druzynowe Mistrzostwa Polski - II Liga 2023"]
[Site "Jastrzebia Gora"]
[Date "1899-12-30"]
[Round "2.105"]
[White "Bienias, Piotr"]
[Black "Reichel, Lukasz"]
[Result "1-0"]
[WhiteTitle "I++"]
[BlackTitle "I"]
[WhiteElo "1934"]
[BlackElo "1928"]

1. e4 c5 2. Nf3 d6 3. d4 cxd4 4. Nxd4 Nf6 5. Nc3 a6 6. Bg5 e6 7. f4 Be7 8. Qf3
Qc7 9. O-O-O Nbd7 10. g4 h6 11. Bxf6 Bxf6 12. Kb1 Qb6 13. Nb3 Be7 14. h4 Nc5 15.
Nxc5 Qxc5 16. e5 dxe5 17. Ne4 Qc7 18. f5 f6 19. Bh3 exf5 20. gxf5 Bd7 21. Qh5+
Kf8 22. Ng5 fxg5 23. f6 Bxh3 24. fxe7+ Kxe7 25. Rxh3 Rad8 26. Re1 Rd2 27. Rc3
Qd6 28. Rce3 Rd8 29. Rxe5+ Kd7 30. hxg5 Kc8 31. Re8 Qc6 32. Qg4+ Kb8 33. Rxd8+
Rxd8 34. Qf4+ Qd6 35. Qxd6+ Rxd6 36. gxh6 gxh6 37. a4 Kc7 38. Rh1 Kb6 39. Ka2
Rg6 40. c3 Kc5 41. Kb3 Rb6+ 42. Ka3 Kc4 43. Rh3 Kd5 44. b4 Kc4 45. Kb2 Rd6 46.
Rh4+ Kd5 47. c4+ Ke5 48. Kc3 Kf5 49. c5 Rg6 50. b5 axb5 51. axb5 Kg5 52. Rh1 Rf6
53. Rg1+ Kh4 54. Rg7 b6 55. c6 Rf5 56. Kc4 Rc5+ 57. Kb4 h5 58. Rb7 Kg3 59. Rxb6
Rc1 60. Rb8 h4 61. Rg8+ Kf2 62. Rh8 Kg3 63. Rh7 h3 64. c7 h2 65. b6 Kg2 66. Kb5
h1=Q 67. Rxh1 Kxh1 68. Ka6 Kg2 69. Kb7 Kf3 70. c8=Q Ke4 1-0

[Event "Druzynowe Mistrzostwa Polski - II Liga 2023"]
[Site "Jastrzebia Gora"]
[Date "1899-12-30"]
[Round "2.106"]
[White "Borowski, Przemyslaw"]
[Black "Antoniewicz, Jakub"]
[Result "1/2-1/2"]
[WhiteTitle "I"]
[BlackTitle "I"]
[WhiteElo "1794"]
[BlackElo "1950"]

1. e4 d5 2. exd5 Qxd5 3. Nc3 Qd6 4. Nf3 Nf6 5. d4 c6 6. Ne5 g6 7. Bc4 Be6 8. Bxe6
Qxe6 9. O-O Bg7 10. Re1 Qd6 11. Nc4 Qd8 12. Bg5 O-O 13. Qd2 Na6 14. Rad1 Nb4 15.
Qe2 Nbd5 16. Ne4 Qc7 17. Nxf6+ exf6 18. Bh4 f5 19. Ne3 Nf6 20. Bxf6 Bxf6 21. c3
Rfe8 22. Qc4 Re4 23. f3 Re7 24. Nc2 Rae8 25. Rxe7 Rxe7 26. Re1 Kg7 1/2-1/2

[Event "Druzynowe Mistrzostwa Polski - II Liga 2023"]
[Site "Jastrzebia Gora"]
[Date "1899-12-30"]
[Round "2.107"]
[White "Jankowski, Aleksander"]
[Black "Czaplewska, Klara"]
[Result "0-1"]
[WhiteTitle "I"]
[BlackTitle "k+"]
[WhiteElo "1679"]
[BlackElo "1844"]

1. d4 d6 2. Nf3 g6 3. c4 Bg7 4. Nc3 Nf6 5. e4 O-O 6. h3 Nc6 7. g4 e5 8. d5 Ne7
9. Be3 c5 10. Be2 a6 11. Nd2 Nd7 12. Rg1 Rb8 13. h4 Re8 14. h5 f6 15. hxg6 hxg6
16. Nf3 Kf7 17. g5 f5 18. exf5 Nxf5 19. Ne4 b5 20. b3 bxc4 21. Bxc4 Nb6 22. Qd3
Nxc4 23. Qxc4 Rb4 24. Qd3 Nxe3 25. fxe3 Rxe4 26. Qxe4 Bf5 27. Qa4 e4 28. O-O-O
exf3 29. Qxa6 Rxe3 30. Rdf1 Qe7 31. Qa5 Rc3+ 32. Kb2 Rc2+ 33. Ka3 Bb2+ 34. Ka4
Bd7+ 0-1

[Event "Druzynowe Mistrzostwa Polski - II Liga 2023"]
[Site "Jastrzebia Gora"]
[Date "1899-12-30"]
[Round "2.108"]
[White "Dranka, Jowita"]
[Black "Jankowska, Julia"]
[Result "1/2-1/2"]
[WhiteTitle "I+"]
[BlackTitle "I++"]
[WhiteElo "1636"]
[BlackElo "1748"]

1. e4 Nf6 2. e5 Nd5 3. d4 d6 4. c4 Nb6 5. exd6 exd6 6. Nc3 Nc6 7. Be3 Be7 8. Bd3
O-O 9. Nge2 Bg4 10. f3 Bh5 11. Bf2 Bg6 12. O-O Bxd3 13. Qxd3 Nb4 14. Qe4 d5 15.
cxd5 Re8 16. Qb1 N6xd5 17. Nxd5 Nxd5 18. Nc3 Bf6 19. Nxd5 Qxd5 20. Qd3 Rad8 21.
Rfd1 Rd7 22. Qa3 a6 23. Rac1 Red8 24. Rc5 Qd6 25. d5 b6 26. Rc2 Qxa3 27. bxa3
Rxd5 28. Rxd5 Rxd5 29. Bg3 c5 30. Bc7 b5 31. Bb6 Kf8 32. Kf1 c4 33. a4 c3 34.
Ba5 Ke8 35. axb5 Rxb5 36. Bxc3 Bxc3 37. Rxc3 Rb1+ 38. Kf2 Rb2+ 39. Kg3 Rxa2 40.
Rc8+ Ke7 41. Rc7+ Ke6 42. Rc6+ Kd7 43. Rc4 g6 44. Rh4 h5 45. Rf4 Ke6 46. Re4+
Kf6 47. Rf4+ Kg7 48. Rc4 g5 49. h4 gxh4+ 50. Rxh4 Kg6 51. Rc4 a5 52. Rc6+ f6 53.
Rc5 a4 54. Ra5 a3 55. Ra8 Kg5 56. Rg8+ Kh6 57. Rh8+ Kg6 58. Rg8+ Kf7 59. Rh8 Kg7
1/2-1/2

[Event "Druzynowe Mistrzostwa Polski - II Liga 2023"]
[Site "Jastrzebia Gora"]
[Date "1899-12-30"]
[Round "2.109"]
[White "Maj, Pawel"]
[Black "Taranowicz, Michal"]
[Result "0-1"]
[WhiteTitle "k"]
[BlackTitle "k"]
[WhiteElo "2208"]
[BlackElo "2092"]

1. c4 e5 2. Nc3 Nc6 3. g3 f5 4. Bg2 Nf6 5. d3 Bc5 6. e3 d6 7. Nge2 O-O 8. O-O Qe8
9. Nd5 Bb6 10. Nec3 Be6 11. Nxb6 axb6 12. b3 Rd8 13. Nd5 Bxd5 14. cxd5 Nb4 15.
e4 Qb5 16. exf5 Ra8 17. g4 Qxd3 18. Qxd3 Nxd3 19. g5 Nd7 20. Bd2 Ra3 21. f4 exf4
22. Bxf4 Rxf5 23. Bh3 Rxf4 24. Bxd7 Ra8 25. Be6+ Kh8 26. Bf5 Rxf1+ 27. Rxf1 Ne5
28. Be6 g6 29. h4 Kg7 30. Rf2 Rh8 31. b4 c6 32. a4 Ra8 33. Ra2 Kf8 34. a5 Ke7
35. dxc6 Nxc6 36. Bd5 Nxb4 37. Re2+ Kd7 38. Bxb7 Rxa5 39. Rb2 Ra1+ 40. Kg2 Ra2
41. Rxa2 Nxa2 42. Bd5 Nb4 43. Bg8 Ke7 44. Bxh7 Kf7 45. h5 gxh5 46. Bf5 Nd5 47.
Kf3 Ne7 48. Bd7 Kg6 49. Kf4 Nd5+ 50. Ke4 Nc7 51. Kf4 b5 52. Bf5+ Kf7 53. Bd3 b4
54. Kf5 d5 55. Be2 h4 56. Kg4 Ke6 57. Kxh4 Ke5 58. Kg4 Ne6 59. Bd3 b3 60. g6 b2
61. Bb1 Ng7 62. Kf3 Kd4 63. Ke2 Kc3 64. Ke3 Ne6 65. Kf3 Kd2 66. Ba2 Ng7 67. Kf4
d4 68. Ke4 Kc3 69. Bb1 Ne6 70. Ke5 d3 71. Kxe6 d2 72. g7 d1=Q 73. g8=Q Qb3+ 74.
Ke5 Kd4+ 0-1

[Event "Druzynowe Mistrzostwa Polski - II Liga 2023"]
[Site "Jastrzebia Gora"]
[Date "1899-12-30"]
[Round "2.110"]
[White "Kozlowski, Michal"]
[Black "Liberadzki, Slawomir"]
[Result "1/2-1/2"]
[WhiteTitle "I++"]
[BlackTitle "k"]
[WhiteElo "2048"]
[BlackElo "1958"]

1. e4 c5 2. Nf3 e6 3. c4 Nc6 4. Be2 Nf6 5. Nc3 d5 6. exd5 exd5 7. d4 Be6 8. cxd5
Nxd5 9. O-O Be7 10. Ne4 cxd4 11. Nxd4 Nxd4 12. Qxd4 O-O 13. Be3 Nxe3 14. Qxe3
Qa5 15. a3 Rfc8 16. Rfc1 Qe5 17. f4 Qxb2 18. Rcb1 Qc2 19. Rxb7 Bf8 20. Qd3 Qc6
21. Ng5 g6 22. Bf3 Qc5+ 23. Kh1 Bc4 24. Qd2 Rd8 25. Rd7 Rxd7 26. Qxd7 Rc8 27.
h3 Qc7 28. Qd2 Bd6 29. g3 Rd8 30. Rc1 Be7 31. Qc3 Bxg5 32. Qxc4 Qxc4 33. Rxc4
Be7 34. a4 Rd7 35. Kg2 a5 36. g4 h6 37. Be4 Bh4 38. Kf3 Bf6 39. Rc5 Ra7 40. Rb5
Kg7 41. Bb7 Kf8 42. Ke4 Ke7 43. f5 gxf5+ 44. Kxf5 Bg5 45. Ke5 Kd7 46. Bd5 f6+
47. Kf5 Kd6 48. Bb7 Kc7 49. Be4 Kd6 50. Rd5+ Kc7 51. Kg6 Ra6 52. Bf5 Ra7 53. Kh5
Kc6 54. Be4 Kb6 55. Rb5+ Kc7 56. h4 Bd2 57. Rc5+ Kb8 58. Rd5 Be1 59. Rd1 Bg3 60.
Rd3 Be1 61. Re3 Bd2 62. Re2 Bc1 63. Rc2 Rc7 64. Kg6 Rxc2 65. Bxc2 Kc7 66. Kxf6
Kd7 67. Bg6 Bb2+ 68. Kf7 Bc1 69. Bf5+ Kd6 70. Kf6 Bb2+ 71. Kg6 Bc1 72. Bc8 Ke7
73. Kg7 Bd2 74. g5 hxg5 75. h5 Bc3+ 1/2-1/2

[Event "Druzynowe Mistrzostwa Polski - II Liga 2023"]
[Site "Jastrzebia Gora"]
[Date "1899-12-30"]
[Round "2.111"]
[White "Kuma, Boguslaw"]
[Black "Kitewski, Bartosz"]
[Result "0-1"]
[WhiteTitle "k"]
[BlackTitle "I++"]
[WhiteElo "2073"]
[BlackElo "1967"]

1. e4 c5 2. Nf3 d6 3. d4 cxd4 4. Nxd4 Nf6 5. Nc3 a6 6. Be3 e6 7. f3 h5 8. Qd2 Nbd7
9. O-O-O b5 10. Bd3 Bb7 11. Rhe1 Be7 12. Bg5 Rc8 13. f4 Qc7 14. Nf3 Nc5 15. Bxf6
Bxf6 16. Bxb5+ Kf8 17. Bd3 Qa5 18. e5 Bxf3 19. gxf3 dxe5 20. fxe5 Bxe5 21. Bc4
Bxc3 22. Qxc3 Qxc3 23. bxc3 Ke7 24. Rd4 Rc7 25. f4 g6 26. Re3 Kf6 27. Kd2 Rb8
28. Rg3 Rb1 29. a4 Rh1 30. Rg2 Ra1 31. Bb3 Ke5 0-1

[Event "Druzynowe Mistrzostwa Polski - II Liga 2023"]
[Site "Jastrzebia Gora"]
[Date "1899-12-30"]
[Round "2.112"]
[White "Slawinski, Miroslaw"]
[Black "Pajak, Jakub"]
[Result "1-0"]
[WhiteTitle "k"]
[BlackTitle "I++"]
[WhiteElo "1905"]
[BlackElo "1863"]

1. d4 d5 2. c4 e6 3. Nc3 c6 4. Nf3 dxc4 5. g3 Bb4 6. Bg2 Nf6 7. O-O Nbd7 8. Qc2
Qa5 9. a3 Bxc3 10. bxc3 Qf5 11. Qa2 Nb6 12. Ne5 Nfd7 13. e4 Qf6 14. Nxc4 Nxc4
15. Qxc4 Nb6 16. Qb4 Qe7 17. Qb3 O-O 18. a4 Re8 19. Ba3 Qc7 20. e5 Nd5 21. Bd6
Qb6 22. Qc2 Qa5 23. Rfc1 Bd7 24. c4 Ne7 25. g4 Nc8 26. Bc5 Qd8 27. Ra3 Qg5 28.
Rg3 Ne7 29. h4 Qf4 30. Re1 b6 31. Re4 Qh6 32. g5 Qg6 33. Bxe7 Rxe7 34. Qe2 h5
35. Bf3 c5 36. Bxh5 Qh7 37. Bxf7+ Kh8 38. g6 Qh6 39. Rg5 Bc6 40. Rh5 Bxe4 41.
Rxh6+ gxh6 42. Qxe4 1-0

[Event "Druzynowe Mistrzostwa Polski - II Liga 2023"]
[Site "Jastrzebia Gora"]
[Date "1899-12-30"]
[Round "2.113"]
[White "Szymczak, Rafal"]
[Black "Strepikowski, Pawel"]
[Result "1/2-1/2"]
[WhiteTitle "k"]
[BlackTitle "I"]
[WhiteElo "1843"]
[BlackElo "1855"]

1. d4 Nf6 2. Nf3 e6 3. c4 Bb4+ 4. Bd2 Qe7 5. a3 Bxd2+ 6. Nbxd2 d6 7. g3 O-O 8.
Bg2 e5 9. dxe5 dxe5 10. e3 Nc6 11. O-O Bf5 12. Qb3 Rab8 13. Rfd1 Rfd8 14. Nf1
Nd7 15. Qc3 Nc5 16. b4 Ne4 17. Qb2 Nd6 18. c5 Nc4 19. Qc3 Be6 20. N3d2 Nxd2 21.
Rxd2 Rxd2 22. Nxd2 f6 23. Nc4 Qf7 24. Nb2 Ne7 25. Rd1 Ng6 26. h4 Ne7 27. Rd2 h6
28. Bf1 Nd5 29. Qc2 f5 30. e4 Ne7 31. Bc4 f4 32. Bxe6 Qxe6 33. Qc4 Kf7 34. Rd7
Rc8 35. Kg2 fxg3 36. fxg3 Qxc4 37. Nxc4 Ke6 38. Rd2 Rf8 39. Ne3 Rc8 40. Kh3 g6
41. Nd5 Ng8 42. Kg2 c6 43. Ne3 Nf6 44. Rd6+ Kf7 45. Kf3 Rf8 46. Ng4 Ke7 47. Nxf6
Rxf6+ 48. Rxf6 Kxf6 49. g4 Ke6 50. Ke3 Kd7 51. Kd3 Kc7 52. Kc4 Kc8 53. a4 Kc7
54. Kc3 Kc8 55. Kc4 Kc7 1/2-1/2

[Event "Druzynowe Mistrzostwa Polski - II Liga 2023"]
[Site "Jastrzebia Gora"]
[Date "1899-12-30"]
[Round "2.114"]
[White "Kawa, Anna"]
[Black "Baranska, Monika"]
[Result "1/2-1/2"]
[WhiteTitle "I++"]
[BlackTitle "I++"]
[WhiteElo "1665"]
[BlackElo "1776"]

1. e4 e6 2. d4 d5 3. Bd3 dxe4 4. Bxe4 Nf6 5. Bf3 c5 6. Ne2 Nc6 7. Be3 cxd4 8. Nxd4
Ne5 9. O-O Nxf3+ 10. Nxf3 Be7 11. c4 O-O 12. Nc3 a6 13. h3 Qc7 14. Qe2 Bd7 15.
Rfd1 Rac8 16. Rac1 Rfd8 17. b3 Be8 18. Bd4 Bc5 19. Qe3 Bxd4 20. Nxd4 h6 21. Ne4
Qe5 22. Nxf6+ Qxf6 23. Rd2 Rc7 24. Rcd1 Rcd7 25. Nf3 Rxd2 26. Rxd2 Rxd2 27. Qxd2
Qe7 28. Ne5 f6 29. Ng4 Bc6 30. Ne3 Qc7 31. Nc2 Qe5 32. Nd4 Qd6 33. Qe3 Bd7 34.
Qd2 Bc8 35. Nf3 Qc7 36. Qd4 b6 37. Nd2 Bb7 38. Ne4 Bxe4 39. Qxe4 Kf7 40. Qd4 a5
41. a3 Ke7 42. b4 axb4 43. axb4 Qd6 44. Qc3 Qd1+ 45. Kh2 Qd6+ 46. g3 Qc6 47. Qa3
f5 48. c5 bxc5 49. bxc5 Kd8 50. Qc3 h5 51. Qe5 Qd5 52. Qb8+ Kd7 53. Qa7+ Kc6 54.
Qe7 g6 55. h4 Kb5 56. Qe8+ Kxc5 57. Qxg6 Qf3 58. Kg1 e5 59. Qe6 e4 60. Qd7 Kc4
61. Qd2 Qd3 62. Qf4 Qf3 63. Qc7+ Kd3 64. Qd7+ Ke2 65. Qb5+ Kd2 66. Qb2+ Kd3 67.
Qb3+ Kd2 68. Qd5+ Kc3 69. Qc5+ Kd3 70. Qa3+ Kd4 71. Qb4+ 1/2-1/2

[Event "Druzynowe Mistrzostwa Polski - II Liga 2023"]
[Site "Jastrzebia Gora"]
[Date "1899-12-30"]
[Round "2.115"]
[White "Jedraszek, Pawel"]
[Black "Jaskolka, Tomasz"]
[Result "1/2-1/2"]
[WhiteTitle "k"]
[BlackTitle "CM"]
[WhiteElo "2098"]
[BlackElo "2228"]

1. e4 c5 2. Nf3 e6 3. d4 cxd4 4. Nxd4 Nc6 5. Nc3 Qc7 6. Be3 a6 7. g4 b5 8. Nxc6
dxc6 9. Qf3 e5 10. O-O-O Be6 11. g5 Bb4 12. Bh3 Qc8 13. Bxe6 Qxe6 14. Rd3 Ne7
15. Kb1 O-O 16. Rhd1 a5 17. Ne2 Ng6 18. h4 f5 19. gxf6 Qxf6 20. Qxf6 Rxf6 21.
h5 Nf8 22. Ng3 g6 23. h6 Ne6 24. Rd7 Bf8 25. Nf1 Rf7 26. Nh2 Rxd7 27. Rxd7 Rd8
28. Rxd8 Nxd8 29. Ng4 Nf7 30. c3 g5 31. Kc2 Bxh6 32. Nxh6+ Nxh6 33. Bxg5 Ng4 34.
Bh4 Kf7 35. Kd3 Ke6 36. Ke2 Nf6 37. Kf3 Nd7 38. b3 Nc5 39. Ke3 h6 40. Bg3 a4 41.
bxa4 Nxa4 42. Kd3 c5 43. f4 c4+ 44. Kd2 exf4 45. Bxf4 h5 46. Bg3 Kf6 47. Be1 Kg5
48. Ke3 h4 49. Kd4 Kg4 50. e5 h3 51. e6 h2 52. e7 h1=Q 53. e8=Q Qg1+ 54. Qe3 Qxe3+
55. Kxe3 Kf5 56. Kd2 Ke4 57. Bf2 Nb2 58. Bc5 Kd5 59. Bf8 Nd3 60. Be7 Ke4 61. Bf8
Kf3 62. Be7 Nf2 63. Bf8 Ne4+ 64. Kc2 Ke2 65. Bg7 Nc5 66. Bh6 Nd3 67. Bd2 Nc5 68.
Bh6 Nd7 69. Bg5 Nb6 70. Bh6 Nd5 71. Bg5 Nb6 72. Bh6 Nd7 73. Bf4 Nf8 74. Bh6 Ng6
75. Bg5 Ne5 76. Bf4 Nd3 77. Bd2 Ne5 78. Bf4 Ng4 79. Bg5 Nh2 80. Bh4 Nf3 81. Bg3
Ke3 82. Bd6 Ne1+ 83. Kd1 Ng2 84. Kc2 Ke2 85. Bf8 Ne1+ 86. Kb2 Kd1 87. Bg7 Nd3+
88. Ka3 Kc2 89. Bf6 Kb1 90. Bg7 Nb2 91. Bf6 Nd3 92. Bg7 Kc2 93. Bf6 Nf4 94. Bg7
Nd5 95. Be5 Kd3 96. Kb2 Ke4 97. Bd6 Ne3 98. Bf8 Kd5 99. Be7 Nd1+ 100. Kc2 Nf2
101. Bf8 Nd3 102. Be7 Kc6 103. Bd8 Nc5 104. Be7 Na4 1/2-1/2

[Event "Druzynowe Mistrzostwa Polski - II Liga 2023"]
[Site "Jastrzebia Gora"]
[Date "1899-12-30"]
[Round "2.116"]
[White "Pulik, Krzysztof"]
[Black "Ugorek, Kacper"]
[Result "1/2-1/2"]
[WhiteTitle "k"]
[BlackTitle "I+"]
[WhiteElo "2074"]
[BlackElo "2004"]

1. e4 c5 2. c3 Nf6 3. e5 Nd5 4. d4 cxd4 5. cxd4 d6 6. Nf3 Nc6 7. Bc4 Nb6 8. Bb5
dxe5 9. Nxe5 Bd7 10. Nxd7 Qxd7 11. Nc3 e6 12. O-O Be7 13. Qg4 O-O 14. Bh6 Qxd4
15. Qxd4 Nxd4 16. Be3 Nc2 17. Rad1 Nxe3 18. fxe3 Bf6 19. Na4 Nxa4 20. Bxa4 a6
21. Rd2 Rac8 22. Kf2 b5 23. Bb3 a5 24. Rb1 Rc5 25. Bd1 Rfc8 26. Ke2 g6 27. Rd7
Rc1 28. Rxc1 Rxc1 29. Rb7 Ra1 30. a3 Bxb2 31. Rxb5 Bc3 32. a4 Ra2+ 33. Kd3 Bb4
34. Bc2 Ra3+ 35. Ke2 Kg7 36. h3 h5 37. Re5 Rc3 38. Bd3 Rc1 39. Re4 Kf6 40. Rf4+
Ke7 41. Rf1 Rc8 42. Rd1 f5 43. g4 hxg4 44. hxg4 Rh8 45. gxf5 Rh2+ 46. Kf3 gxf5
47. e4 Kf6 48. exf5 exf5 49. Bc4 Rh3+ 50. Ke2 Ke5 51. Rd3 Rh4 52. Bb5 Rh2+ 53.
Kf3 Rh3+ 54. Ke2 Rh1 55. Re3+ Kf4 56. Rf3+ Kg4 57. Rf1 Rh2+ 58. Rf2 Rh7 59. Rg2+
Kf4 1/2-1/2

[Event "Druzynowe Mistrzostwa Polski - II Liga 2023"]
[Site "Jastrzebia Gora"]
[Date "1899-12-30"]
[Round "2.117"]
[White "Walaszczyk, Aleksander"]
[Black "Wozniak, Maciej"]
[Result "0-1"]
[WhiteTitle "I"]
[BlackTitle "k"]
[WhiteElo "1693"]
[BlackElo "1999"]

1. e4 c5 2. Nf3 Nc6 3. Bb5 d6 4. O-O Bd7 5. Re1 Nf6 6. c3 a6 7. Bf1 Bg4 8. h3 Bh5
9. d4 Bxf3 10. gxf3 cxd4 11. cxd4 e5 12. d5 Ne7 13. f4 Ng6 14. fxe5 dxe5 15. Be3
Be7 16. Nc3 O-O 17. Qf3 Nd7 18. Red1 Bg5 19. Kh1 Bxe3 20. fxe3 f5 21. exf5 Nh4
22. Qg4 Nxf5 23. Bd3 Nxe3 24. Qe4 Nf5 25. Qg4 g6 26. Rg1 Kh8 27. Rae1 Rc8 28.
Qg2 Nc5 29. Bb1 Qd6 30. Qh2 Nd4 31. Qxe5+ Qxe5 32. Rxe5 Nf3 33. Ree1 Nxe1 34.
Rxe1 Rce8 35. Rd1 Rf2 36. b4 Nd7 37. Ne4 Re2 38. Nc3 Re1+ 39. Kg2 Rxd1 40. Nxd1
Re1 0-1